Notre Dame de Paris /

Збережено в:
Бібліографічні деталі
Інші автори: Gebelin, François M. (dir.) Диригент, Verrier, Jean (introducción) (introducción), Roubier, Jean (fotógrafo) (fotógrafo)
Формат: Книга
Мова:Французька
Опубліковано: París, Francia : Alpina, 1939, c1939
Серія:(Encyclopédie Alpina Illusrée)
Предмети:
Теги: Додати тег
Немає тегів, Будьте першим, хто поставить тег для цього запису!

MARC

LEADER 00000nam^a2200000^a^4500
001 000186735
005 20250521000000.0
009 20260310102236.814
037 |a Acervo ITESO - Biblioteca 
041 |a FRA 
082 |a 720. 944361022  |b GEB 
100 |a Gebelin, François M.  |e (dir.) 
245 1 0 |a Notre Dame de Paris /  |c Dir. de F.M. Gebelin ; introd. de J. Verrier ; fotografía de J. Roubier. 
264 4 |a París, Francia :  |b Alpina,  |c 1939, c1939 
300 |a [4], XL p. 
336 |a texto  |b txt  |2 rdacontenido 
337 |a sin mediación  |b n  |2 rdamedio 
338 |a volumen  |b nc  |2 rdasoporte 
440 1 |a (Encyclopédie Alpina Illusrée) 
649 |a XX 
650 |a Catedrales -  |z París, Francia 
650 |a Catedrales -  |z Francia 
650 |a Templos Cristianos -  |z París, Francia 
650 |a Templos Cristianos -  |z Francia 
650 |a Arquitectura Religiosa -  |z Francia -  |x Historia y Crítica 
650 |a Arquitectura Gótica -  |z Francia -  |x Historia y Crítica 
650 |a Arquitectura Francesa -  |x Historia y Crítica 
650 |a Escultura Religiosa -  |z Francia -  |x Historia y Crítica 
650 |a Escultura Gótica -  |z Francia -  |x Historia y Crítica 
650 |a Escultura Francesa -  |x Historia y Crítica 
650 |a Arte Religioso -  |z Francia -  |x Historia y Crítica 
650 |a Arte Gótico -  |z Francia -  |x Historia y Crítica 
650 |a Arte Francés -  |x Historia y Crítica 
650 |a Arte y Simbolismo Cristianos 
700 |a Verrier, Jean  |e (introducción) 
700 |a Roubier, Jean  |e (fotógrafo) 
910 |a Fondo Julio de la Peña Lomelín 
920 |a Impresos - Libros 
930 |a Arquitectos Jaliscienses 
905 |a 115 
901 |a 0500097047  |b IT1  |c JAL  |u 20250521 
902 |a https://opac.biblio.iteso.mx/vufind/Record/000186735